| 000 | 00377nam a22001457a 4500 | ||
|---|---|---|---|
| 003 | CEME | ||
| 005 | 20210628201949.0 | ||
| 008 | 210415b xxu||||| |||| 00| 0 eng d | ||
| 040 | _c. | ||
| 082 | _a621.38173 GRE'B | ||
| 100 |
_aGrebene, A. B _957625 |
||
| 245 | _aBipolar and mos analog intergrated circuits and design ,chapter 8-15 | ||
| 300 | _aVOL-II | ||
| 942 |
_cBK _2ddc |
||
| 999 |
_c567895 _d567895 |
||